000 03188 a2200289 4500
999 _c11021
_d11021
020 _a9780190884512
050 _aRD598
_bCAR 2019
100 _a Minhaj, Mohammed M.
_eeditor
245 _aCardiac anesthesia :
_b a problem-based learning approach/
_cedited by Mohammed M. Minhaj
264 _aNew York:
_bOxford University Press,
_c2019
300 _axiii, 389pages:
_billustrations (some coloured
336 _2rdacontent
_atext
_btxt
337 _2rdamedia
_aunmediated
_bn
338 _2rdacarrier
_avolume
_bnc
500 _aincludes index
504 _aIncludes bibliographical references and index
505 _aIntroduction: How to Use this BookSection I: CardiacA. Common Procedures1. Preoperative Evaluation of the Cardiac Surgical Patient2. Coronary Artery Bypass Grafting 3. Aortic Valve Surgery4. Mitral Valve Surgery5. Cardiac Tumor6. Robotic CABG7. Robotic Mitral Valve Surgery8. Cardiac Tamponade9. Transfusion Dilemma/Coagulation TEG10. Pulmonary Thromboendarterectomy11. Adult Congenital Heart Disease12. Off Pump Coronary Artery Bypass (OPCAB) Surgery 13. Fast-track recovery14. Aortic Stenosis in Non-cardiac surgery15. Anesthetic Management for Patients with Left Ventricular Assist Devices Undergoing Non-Cardiac SurgeryB. Complications16. The Dreaded Bring Backs17. Air Embolism on Cardiopulmonary Bypass18. Chronic Pain after Cardiac SurgeryC. Non-Invasive Procedures19. Transcatheter Aortic Valve Replacement20. Percutaneous Mitral Valve Procedures: Focus on Mitra Clip21. Electrophysiology Lab22. Cardiac implantable electronic device lead extractionsD. Heart Failure Patients23. Ventricular Assist Devices24. Extracorporeal Membrane Oxygenation25. Pulmonary Hypertension26. Anesthesia for Cardiac TransplantationE. Aortic Surgery27. Aortic Arch Repair (Circulatory Arrest)28. Thoracic Aortic Aneurysm-Cerebral and Spinal Cord ProtectionSection II: ThoracicA. Specialized Cases29. Robotic Thoracic Surgery30. Mediastinal Mass Excision31. Minimally Invasive Esophagectomy32. Anesthesia for Lung TransplantationSection III: Other Unique Cases33. The Obstetric Patient for Cardiac Surgery34. The Disruptive Provider35. Evaluation and Anesthetic Management for Patient with Cardiac Trauma36. ICU Management of the Cardiac PatientIndex
520 _aCardiac Anesthesia' provides a comprehensive review of the dynamic and ever-changing field of cardiac anesthesia. Its problem-based format incorporates a vast pool of practical case-related questions as well as multiple choice questions at the end of the chapter. Each chapter starts with a case description, usually a compilation of several actual cases; it then branches out, through case-based questions, to increasingly complex situations. This structure is designed to create an authentic experience that mirrors working through the nuances of a complicated clinical scenario
650 _aAnesthesia
650 _aAnesthesia in cardiology, General
650 _a Anesthesia, Cardiac Procedures methods Anesthesia
650 _aHeart Surgery
650 _aMEDICAL Surgery
650 _aGeneral Problems and Exercises
700 _aMohammed M. Minhaj
_eeditor
942 _2lcc
_cBK
_h598
_iCAR
_kRD